| Tag |
First Indicator |
Second Indicator |
Subfields |
| LEADER |
00000cam a2200000 a 4500 |
| 001 |
in00000029167 |
| 005 |
20151007060115.0 |
| 008 |
870210s1987 nyu j 00011 eng |
| 010 |
|
|
|a 87005520
|
| 020 |
|
|
|a 0027756602 :
|c $12.95
|
| 035 |
|
|
|a (OCoLC)15251978
|
| 035 |
|
|
|9 AAC0087AM
|
| 040 |
|
|
|a DLC
|c DLC
|d TXA
|d UtOrBLW
|
| 049 |
|
|
|a TXAS
|c [A09880161]
|
| 050 |
0 |
0 |
|a PZ7.R1095
|b Kn 1987
|
| 100 |
1 |
|
|a Rabinowitz, Ann.
|
| 245 |
1 |
0 |
|a Knight on horseback /
|c Ann Rabinowitz.
|
| 250 |
|
|
|a 1st ed.
|
| 264 |
|
1 |
|a New York, NY :
|b Macmillan ;
|a London :
|b Collier Macmillan,
|c [1987]
|
| 264 |
|
4 |
|c ©1987
|
| 300 |
|
|
|a 197 pages ;
|c 22 cm.
|
| 336 |
|
|
|a text
|b txt
|2 rdacontent
|
| 337 |
|
|
|a unmediated
|b n
|2 rdamedia
|
| 338 |
|
|
|a volume
|b nc
|2 rdacarrier
|
| 520 |
|
|
|a Thirteen-year-old asthmatic Edward reluctantly accompanies his family on a trip to England, where he becomes acquainted with the ghost of a historical figure, whose unclear intentions cause Edward some anxiety before that relationship resolves both itself and problems between Edward and his father as well.
|
| 600 |
0 |
0 |
|a Richard
|b III,
|c King of England,
|d 1452-1485
|x Juvenile fiction.
|
| 600 |
0 |
1 |
|a Richard
|b III,
|c King of England,
|d 1452-1485
|x Fiction.
|
| 999 |
|
|
|a MARS
|
| 999 |
f |
f |
|s e60df7e4-bca6-3298-83a3-adcdf76c222a
|i 17377b32-a523-3795-9227-ee1a3d13ef2d
|t 0
|
| 952 |
f |
f |
|p noncirc
|a Texas A&M University
|b College Station
|c Cushing Memorial Library & Archives
|d Cushing: Science Fiction (Does not check out)
|t 0
|e PZ7.R1095 Kn 1987
|h Library of Congress classification
|i unmediated -- volume
|m A14809880161
|
| 998 |
f |
f |
|a PZ7.R1095 Kn 1987
|t 0
|l Cushing: Science Fiction (Does not check out)
|